00257 a2200109 4500001000700000020000600007040001100013100002100024240004900045245004400094362000900138166935 a  cMagnum aInhelder, Barbel10aO desenrolar das descobertas da criancalpor10aO desenrolar das descobertas da crianca0 a1899